Tous les personnages et créatures du monde de Harry Potter - Statistiques

Statistiques générales
  • Ce quiz a été pris 25 fois
  • Le résultat moyen est 73 sur 149
Statistiques - réponses
Réponse % Correct
Weasley Bill | Bill Weasley
94%
Weasley Ginny | Ginny Weasley
94%
Weasley Molly | Molly Weasley
94%
Dumbledore Albus | Albus
89%
Potter Harry | Harry Potter
89%
Weasley Arthur | Arthur Weasley
89%
Weasley Charlie | Charlie Weasley
89%
Weasley Fred | Fred Weasley
89%
Weasley George | George Weasley
89%
Granger Hermione | Hermione
83%
Potter James | James Potter | Cornedrue
83%
Potter James Sirius | James Sirius Black
83%
Weasley Percy | Percy Weasley
83%
Weasley Ron | Ron
83%
Chourave Pomona | Madame Chourave | Chourave
78%
Jedusor Tom | Tom Jedusor | Tom Riddle | Voldemort
78%
Malefoy Lucius | Lucius Malefoy
78%
Potter Lily | Lily Potter
78%
Potter Lily Luna | Lily Luna Potter
78%
Black Sirius | Sirius | Patmol
72%
Chang Cho | Cho
72%
Dobby
72%
Dursley Dudley | Dudley
72%
Londubat Neville | Neville
72%
Lupin | Remus Lupin
72%
Malefoy Narcissa | Narcissa Malefoy
72%
McGonagall | Minerva McGonagall
72%
Pettigrow Peter | Peter Pettigrow | Queudver
72%
Aragog
67%
Crabbe | Vincent Crabbe
67%
Delacour Fleur | Fleur
67%
Dumbledore Abelforth | Abelforth
67%
Dursley Petunia | Petunia
67%
Dursley Vernon | Vernon
67%
Flitwick | Filius Flitwick
67%
Goyle | Gregory Goyle
67%
Hagrid Rubeus | Hagrid
67%
Hedwige
67%
Krum | Viktor Krum
67%
Malefoy | Drago Malefoy
67%
Potter Albus Severus | Albus Severus Potter
67%
Crivey Colin | Colin
61%
Finnigan Seamus | Seamus
61%
Gryffondor Godric | Godric Gryffondor
61%
Kreattur
61%
La Grosse Dame | Fat Lady
61%
Lovegood Luna | Luna
61%
Nick Quasi-Sans-Tête
61%
Serdaigle Rowena | Rowena Serdaigle | Rowena Ravenclaw
61%
Thomas Dean | Dean
61%
Trelawney | Sibylle Trelawnay
61%
Weasley Victoire | Victoire Weasley
61%
Crockdur
56%
Dragonneau Norbert | Norbert
56%
Dubois Olivier | Olivier
56%
Fudge | Cornelius Fudge
56%
Lockhart Gilderoy | Gilderoy Lockhart
56%
Maugrey | Alastor Maugrey
56%
Norbert
56%
Pattenrond
56%
Pomfresh Poppy | Poppy Pomfresh
56%
Poufsouffle Helga | Helga Poufsouffle | Helga Hufflepuff
56%
Quirell | Quirinus Quirell
56%
Rogue | Severus Rogue | Snape
56%
Rogue Tobias | Tobias Rogue
56%
Serpentard Salazar | Salazar Serpentard | Salazar Slytherin
56%
Shacklebolt Kingsley | Kingsley
56%
Weasley Muriel | Muriel Weasley
56%
Buck | Buckbeak
50%
Croupton Jr Bartemius | Barty
50%
Diggory Amos | Amos Diggory
50%
Diggory Cedric | Cedric
50%
Ombrage | Dolores Ombrage
50%
Karkaroff Igor | Igor
50%
Lupin Teddy | Teddy Lupin
50%
Madame Maxime | Olympe
50%
Patil Padma | Padma Patil
50%
Patil Parvati | Parvati Patil
50%
Tonks | Nymphadora Tonks
50%
Tonks Ted | Ted Tonks
50%
Touffu
50%
Bibine Renée | Madame Rosmerta
44%
Brown Lavande | Lavande
44%
Dumbledore Ariana | Ariana
44%
Dursley Majorie | Marge
44%
Johnson Angelina | Angelina
44%
Lestrange Bellatrix | Bellatrix
44%
Lovegood Xenophilius | Xenophilius Lovegood
44%
Malefoy Scorpius | Scorpius Malefoy
44%
Parkinson Pansy | Pansy
44%
Serdaigle Helena | Helena Serdaigle | Helena Ravenclaw
44%
Skeeter Rita | Rita Skeeter
44%
Tonks Andromeda | Andromeda Tonks
44%
Abbot Hannah | Hannah
39%
Baron sanglant | Bloody Baron
39%
Croutard
39%
Delacour Gabrielle | Gabrielle
39%
Errol
39%
Fletcher Mondingus | Mondingus Fletcher | Mondingus
39%
Mimi Geignarde
39%
Nagini
39%
Ollivander | Garrick Ollivander
39%
Peeves
39%
Slughorn | Horace Slughorn
39%
Tourdesac Bathilda | Bathilda Toudesac
39%
Bell Katie | Katie
33%
Black Regulus | Regulus
33%
Fumseck | Fawkes
33%
Gripsec
33%
Le Moine Gras | Fat Friar
33%
Lestrange Rodolphus | Rodolphus Lestrange
33%
Miss Teigne
33%
Bane
28%
Bones Susan | Susan
28%
Flamel Nicolas | Nicolas Flamel
28%
La Dame Grise | Grey Lady
28%
McLaggen Cormac | Cormac McLaggen
28%
Rosmerta
28%
Rusard | Argus Rusard
28%
Trevor
28%
Winky
28%
Cattermole Reginal | Reginal Cattermole
22%
Danlmur Ernie | Ernie
22%
Granger-Weasley Rose | Rose
22%
Graup | Grawp
22%
Hopkrik Mafalda | Mafalda Hopkrik
22%
Jordan Lee | Lee
22%
Rocade Stan | Stan Shunpike | Stan Rocade
22%
Sinistra Aurora | Aurora Sinistra
22%
Spinnet Alicia | Alicia
22%
Vane Romilda | Romilda Vane
22%
Zabini Blaise | Blaise Zabini
22%
Barjow
17%
Belby Marcus | Marcus
17%
Black Phineas | Phineas
17%
Diggle Dedalus | Dedalus Diggle
17%
Flint Marcus | Marcus Flint
17%
Gaunt Elvis | Elvis Gaunt
17%
Granger-Weasley Hugo | Hugo
17%
Peverell Ignotus
17%
Black Orion| Orion
11%
Scabior
11%
Smith Zacharias | Zacharias Smith
11%
Croupton Sr Bartemius
6%
Peverell Antioch
6%
Peverell Cadmus
6%
Coquecirgue | Pigwidgeon
0%
Higgs Terence | Terence Higgs
0%
Marchebank Griselda | Griselda
0%
Aucun quiz correspondant
Distribution des résultats
% des personnes avec chaque résultat
Percentile par nombre de réponses
Votre historique - résultats
Vous n’avez pas pris ce quiz